Loading...
| Literature - World | 0 | 8 | 0 | 0 | 80 | 40 | 89.38 | 0 | 4 | 29.01 | 50.82 |
| Mythology | 0 | 7 | 1 | 1 | 65 | 33 | 78.00 | 1 | 2 | 27.58 | 46.36 |
| History - World | 0 | 6 | 0 | 3 | 60 | 72 | 96.17 | 0 | 3 | 16.40 | 36.82 |
| History - European | 0 | 6 | 0 | 3 | 60 | 44 | 99.50 | 1 | 1 | 11.77 | 22.09 |
| Literature - European | 0 | 6 | 1 | 1 | 55 | 82 | 107.83 | 0 | 3 | 14.11 | 33.91 |
| Science - Physics | 0 | 5 | 2 | 1 | 40 | 83 | 97.20 | 0 | 0 | 8.45 | 21.36 |
| History - American | 0 | 4 | 0 | 1 | 40 | 79 | 105.75 | 0 | 0 | 6.48 | 15.64 |
| History - Other | 0 | 4 | 0 | 0 | 40 | 89 | 102.50 | 0 | 0 | 8.37 | 16.64 |
| Fine Arts - Painting and Sculpture | 0 | 4 | 0 | 0 | 40 | 89 | 97.00 | 0 | 1 | 9.58 | 18.64 |
| Literature - British | 0 | 4 | 1 | 0 | 35 | 41 | 67.00 | 0 | 2 | 20.87 | 24.64 |
| Religion | 0 | 4 | 1 | 0 | 35 | 39 | 83.50 | 2 | 2 | 12.29 | 30.00 |
| Philosophy | 0 | 3 | 0 | 2 | 30 | 84 | 107.67 | 0 | 0 | 2.44 | 11.36 |
| Science - Chemistry | 0 | 2 | 0 | 1 | 20 | 28 | 66.50 | 0 | 1 | 7.79 | 11.73 |
| Social Science | 0 | 1 | 0 | 0 | 10 | 68 | 68.00 | 0 | 1 | 3.64 | 8.18 |
| Geography | 0 | 1 | 0 | 0 | 10 | 94 | 94.00 | 0 | 0 | 12.10 | 36.36 |
| Literature - American | 0 | 2 | 2 | 0 | 10 | 62 | 71.00 | 0 | 1 | 9.63 | 11.55 |
| Fine Arts - Other | 0 | 1 | 0 | 0 | 10 | 97 | 97.00 | 0 | 0 | 2.42 | 1.82 |
| Science - Other | 0 | 2 | 3 | 1 | 5 | 48 | 77.00 | 0 | 1 | 6.31 | 9.00 |
| Popular Culture | 0 | 0 | 1 | 0 | -5 | 0.00 | 0 | 0 | 0.00 | 0.00 | |
| Science - Biology | 0 | 0 | 2 | 0 | -10 | 0.00 | 0 | 0 | 0.00 | 0.00 |